Loading...
| History - American | 0 | 8 | 0 | 1 | 80 | 51 | 78.88 | 3 | 7 | 29.09 | 65.12 |
| Science - Other | 0 | 3 | 0 | 0 | 30 | 68 | 95.33 | 0 | 1 | 7.50 | 18.96 |
| History - World | 0 | 2 | 0 | 1 | 20 | 86 | 102.50 | 0 | 1 | 2.46 | 10.00 |
| Pop Culture | 0 | 2 | 0 | 0 | 20 | 37 | 64.50 | 1 | 1 | 51.40 | 61.11 |
| Science - Chemistry | 0 | 2 | 0 | 1 | 20 | 74 | 99.50 | 0 | 2 | 4.21 | 15.18 |
| Fine Arts - Classical Music | 0 | 2 | 0 | 0 | 20 | 110 | 120.00 | 0 | 0 | 2.51 | 7.25 |
| Social Science | 0 | 1 | 0 | 0 | 10 | 70 | 70.00 | 0 | 1 | 4.70 | 8.18 |
| Fine Arts - Other | 0 | 1 | 0 | 0 | 10 | 102 | 102.00 | 1 | 1 | 2.71 | 10.00 |
| Geography/Current Events | 0 | 1 | 0 | 1 | 10 | 97 | 97.00 | 0 | 0 | 3.73 | 5.00 |
| History - European | 0 | 1 | 0 | 0 | 10 | 98 | 98.00 | 0 | 0 | 2.16 | 3.33 |
| History - Other | 0 | 1 | 0 | 0 | 10 | 65 | 65.00 | 0 | 0 | 4.76 | 4.00 |
| Science - Physics | 0 | 1 | 0 | 0 | 10 | 121 | 121.00 | 0 | 0 | 1.42 | 2.00 |
| Fine Arts - Visual | 0 | 1 | 1 | 0 | 5 | 70 | 70.00 | 0 | 1 | 4.81 | 9.00 |